Lectures on the tabernacle. (Record no. 2520)

000 -LEADER
fixed length control field 00567nam a2200181 a 4500
001 - CONTROL NUMBER
control field :::00000245$&:&@@
003 - CONTROL NUMBER IDENTIFIER
control field OkBaRHE
005 - DATE AND TIME OF LATEST TRANSACTION
control field 20000607103237.0
008 - FIXED-LENGTH DATA ELEMENTS--GENERAL INFORMATION
fixed length control field s1973 j 000 0 eng u
040 ## - CATALOGING SOURCE
Transcribing agency
100 1# - MAIN ENTRY--PERSONAL NAME
Personal name Ridout, Samuel, 1855-1930.
245 10 - TITLE STATEMENT
Title Lectures on the tabernacle.
260 ## - PUBLICATION, DISTRIBUTION, ETC. (IMPRINT)
Place of publication, distribution, etc New York, NY., :
Name of publisher, distributor, etc Loizeaux Brothers, Inc., Bible Truth Depot
Date of publication, distribution, etc 1973
300 ## - PHYSICAL DESCRIPTION
Extent 519 p. : illus. ;
Dimensions 19 cm.
650 ## - SUBJECT ADDED ENTRY--TOPICAL TERM
Topical term or geographic name as entry element Tabernacle
942 ## - ADDED ENTRY ELEMENTS (KOHA)
Source of classification or shelving scheme
Koha item type Books
Copies
Lost status Withdrawn status Full call number Copy number Date last seen Date acquired Damaged status Not for loan Permanent Location Koha item type Source of classification or shelving scheme Price effective from Shelving location Barcode
  BM 654 .R5612010-04-142010-04-14  RHEMA Bible Training CollegeBooks 2010-04-14General Stacks245